[Event "VIE-ch U13 Girls"]
[Site "Ho Chi Minh City"]
[Date "2022.07.11"]
[Round "1"]
[White "Chu, Phan Truc Linh"]
[Black "Quan, My Linh"]
[Result "0-1"]
[WhiteElo "2118"]
[BlackElo "2134"]
[PlyCount "140"]
[EventDate "2022.07.11"]
[EventType "swiss"]
[EventRounds "9"]
[EventCountry "VIE"]
[SourceTitle "EXT 2023"]
[Source "ChessBase"]
[SourceDate "2022.10.05"]
[SourceVersion "1"]
[SourceVersionDate "2022.10.05"]
[SourceQuality "1"]

1. e4 c5 2. Nf3 Nc6 3. d4 cxd4 4. Nxd4 Nf6 5. Nc3 e5 6. Nb3 Bb4 7. Bd3 d5 8. exd5 Nxd5 9. Bd2 Nxc3 10. bxc3 Be7 11. 0-0 0-0 12. Re1 Be6 13. f4 exf4 14. Bxf4 Bf6 15. Qd2 Rc8 16. Rad1 Ne7 17. Be5 Bxe5 18. Rxe5 Nd5 19. c4 Nb6 20. Qe2 Qf6 21. Rf1 Qd8 22. Rf4 g6 23. Nc5 Rc7 24. Nxe6 fxe6 25. Rxf8+ Qxf8 26. Rxe6 Qc5+ 27. Kh1 Nxc4 28. Re8+ Kg7 29. Qe6 Qd6 30. Rg8+ Kh6 31. Qg4 Qf6 32. h3 Ne3 33. Qg3 Re7 34. Rc8 Nd5 35. Rc4 Qa1+ 36. Kh2 Qe5 37. Qxe5 Rxe5 38. Rc5 b6 39. Rc4 Re7 40. Rd4 Ne3 41. Rf4 Rc7 42. Rf2 Nd1 43. Rd2 Nc3 44. a4 Nxa4 45. Rf2 Nc5 46. Bf1 Ne4 47. Rf4 Nc3 48. Bd3 a5 49. Rf6 b5 50. Rb6 Rc5 51. Ra6 b4 52. Rb6 Kg5 53. Kg3 a4 54. Rxb4 a3 55. Rb8 Ra5 56. Bc4 a2 57. Bxa2 Rxa2 58. Rb7 Kh6 59. Kf4 Rxc2 60. g4 g5+ 61. Kf3 Nd5 62. Ra7 Nf6 63. Ra6 Kg7 64. Ra7+ Kg6 65. Ra5 h5 66. gxh5+ Kxh5 67. Ra4 Rc3+ 68. Kg2 Nd5 69. Ra8 Nf4+ 70. Kf2 Nxh3+ 0-1